Standard guidelines for bill of quantities customised for building conservation works : the Malaysian context /
Saved in:
| Main Author: | |
|---|---|
| Format: | Thesis Book |
| Language: | English |
| Published: |
2017.
|
| Subjects: | |
| Online Access: | http://studentsrepo.um.edu.my/7532/ |
| Tags: |
Add Tag
No Tags, Be the first to tag this record!
|
| LEADER | 01315cam a2200325 i 4500 | ||
|---|---|---|---|
| 001 | u1056580 | ||
| 003 | SIRSI | ||
| 005 | 201707251046 | ||
| 008 | 170725s2017 my m 000 0 eng | ||
| 040 | |a UMM |d AUM |e rda | ||
| 043 | |a a-my--- | ||
| 090 | |a NA2520 |b UMP 2017 Lim | ||
| 100 | 1 | |a Lim, Yoke Mui, |e author. | |
| 245 | 1 | 0 | |a Standard guidelines for bill of quantities customised for building conservation works : |b the Malaysian context / |c Lim Yoke Mui. |
| 264 | 1 | |c 2017. | |
| 264 | 4 | |c 2017. | |
| 300 | |a xv, 278 leaves, 16 unnumbered leaves : |b illustrations ; |c 30 cm. | ||
| 336 | |a text |2 rdacontent | ||
| 337 | |a unmediated |2 rdamedia | ||
| 338 | |a volume |2 rdacarrier | ||
| 502 | |b Ph.D. |c Jabatan Senibina, Fakulti Alam Bina, Universiti Malaya |d 2017. | ||
| 504 | |a Bibliography: leaves 226-234. | ||
| 650 | 0 | |a Building |x Estimates |z Malaysia. | |
| 650 | 0 | |a Activity-based costing. | |
| 710 | 2 | |a Universiti Malaya. |b Jabatan Senibina, |e degree granting institution. | |
| 856 | 4 | 1 | |u http://studentsrepo.um.edu.my/7532/ |
| 900 | |a NSR NSM | ||
| 596 | |a 1 25 | ||
| 999 | |a NA2520 UMP 2017 LIM |w LC |c 1 |i A516784993 |d 17/8/2017 |f 17/8/2017 |g 1 |l STACKS |m P01UTAMA |r Y |s Y |t TESIS |u 16/8/2017 |1 AHSS | ||
| 999 | |a NA2520 UMP 2017 LIM |w LC |c 1 |i A516566707 |f 14/7/2023 |g 1 |l STACKS |m P25UMARCHI |r N |s Y |t CD |u 8/12/2017 |1 AHSS |o .STAFF. MST-CD4023 | ||
